Memorable Movie Quotes - Statistics

General Stats
  • This quiz has been taken 22 times
  • The average score is 4 of 10
Answer Stats
Quote Movie % Correct
"We've never lost an American in space, we're sure as hell not gonna lose one on my watch! Failure is not an option." Apollo 13
69%
"I'm sorry, Wazowski, but Randall said I'm not allowed to fraternize with victims of his evil plot." Monsters, Inc.
56%
"So, 1100 men went into the water, 316 men came out. The sharks took the rest. June the 29th, 1945. Anyway, we delivered the bomb." Jaws
50%
"Look, your daughter doesn't say she's a demon. She says she's the devil himself. And if you've seen as many psychotics as I have, you'd know it's like saying you're Napoleon Bonaparte." The Exorcist
50%
"Leave the gun. Take the cannoli." The Godfather
50%
"I am an exceptional thief, Mrs. McClane. And since I'm moving up to kidnapping, you should be more polite." Die Hard
44%
"Neighbors bring food with death, and flowers with sickness, and little things in between. Boo was our neighbor. He gave us two soap dolls, a broken watch and chain, a knife, and our lives." To Kill a Mockingbird
38%
"On the day of my judgment, when I stand before God, and He asks me why did I kill one of His true miracles, what am I gonna say? That it was my job? My job?" The Green Mile
31%
"That dog? You couldn't sic that dog on me if I was comin' at you with a straight razor in each hand!" Cujo
25%
"Well, fortunately, small boys are extremely springy and elastic. So I think we'll put him in my special taffy-pulling machine. That should do the trick." Willie Wonka and the Chocolate Factory
6%
No matching quizzes found
Score Distribution
Percent of People with Each Score
Percentile by Number Answered
Your Score History
You have not taken this quiz